THE OPEN HEART : (Record no. 204394)
[ view plain ]
| 000 -LEADER | |
|---|---|
| fixed length control field | 03035nam a2200409 ia4500 |
| 003 - CONTROL NUMBER IDENTIFIER | |
| control field | OSt |
| 005 - DATE AND TIME OF LATEST TRANSACTION | |
| control field | 20260521121300.0 |
| 008 - FIXED-LENGTH DATA ELEMENTS--GENERAL INFORMATION | |
| fixed length control field | 260521t20252025-uka gr 000 1ceng d |
| 020 ## - INTERNATIONAL STANDARD BOOK NUMBER | |
| International Standard Book Number | 9781835622551 |
| Terms of availability | RM85.50 |
| Qualifying information | hardback |
| 040 ## - CATALOGING SOURCE | |
| Original cataloging agency | PPAK |
| Language of cataloging | eng |
| Transcribing agency | PPAK |
| Description conventions | rda |
| 082 04 - DEWEY DECIMAL CLASSIFICATION NUMBER | |
| Edition number | 23 |
| Classification number | 823.92 |
| 090 00 - LOCALLY ASSIGNED LC-TYPE CALL NUMBER (OCLC); LOCAL CALL NUMBER (RLIN) | |
| Classification number (OCLC) (R) ; Classification number, CALL (RLIN) (NR) | 823.92 |
| Feature heading | WEL |
| Feature heading | G |
| 100 1# - MAIN ENTRY--PERSONAL NAME | |
| Personal name | Wells, Catherine, |
| Relator term | author. |
| 245 14 - TITLE STATEMENT | |
| Title | THE OPEN HEART : |
| Remainder of title | Stories and Fiction / |
| Statement of responsibility, etc. | by Catherine Wells, H.G. wells ; Edited by: Emelyne Godfrey & Patrick Parrinder ; Editorial Director: Catherine Taylor ; Illustrator: Broci |
| 246 34 - VARYING FORM OF TITLE | |
| Title proper/short title | The open heart : |
| Remainder of title | A new collection of stories. Reclaiming her light, from the shadow of her husband H.G. Wells. |
| 264 #1 - PRODUCTION, PUBLICATION, DISTRIBUTION, MANUFACTURE, AND COPYRIGHT NOTICE | |
| Place of production, publication, distribution, manufacture | London, United Kingdom : |
| Name of producer, publisher, distributor, manufacturer | FLAME TREE PUBLISHING, |
| Date of production, publication, distribution, manufacture, or copyright notice | 2025 |
| Date of production, publication, distribution, manufacture, or copyright notice | ©2025 |
| 300 ## - PHYSICAL DESCRIPTION | |
| Extent | [416] pages : |
| Other physical details | illustrations ; |
| Dimensions | 20 cm |
| 336 ## - CONTENT TYPE | |
| Content type term | text |
| Source | rdacontent |
| 337 ## - MEDIA TYPE | |
| Media type term | unmediated |
| Source | rdamedia |
| 338 ## - CARRIER TYPE | |
| Carrier type term | volume |
| Source | rdacarrier |
| 490 10 - SERIES STATEMENT | |
| Series statement | Beyond & Within |
| 504 ## - BIBLIOGRAPHY, ETC. NOTE | |
| Bibliography, etc. note | Bibliography : pages 413-414. |
| 520 ## - SUMMARY, ETC. | |
| Summary, etc. | Published for the first time, The Open Heart is a telling tale of unfulfilment from the supportive, but long-neglected wife of H.G. Wells.<br/><br/>Catherine Wells (1872–1927) was the wife of H.G. Wells and the author of short stories, poems and an unfinished novella, The Open Heart, a haunting study of a woman’s sense of unfulfilment that adds significantly to our knowledge of early 20th-century feminism. Published here for the first time, The Open Heart is brought together with her stories and poems that appeared in The Book of Catherine Wells (1928).<br/><br/>The Open Heart tells of a woman’s shipwreck on a deserted island in the Pacific Ocean, a kind of earthly paradise in which she finds herself entirely alone. Included, too, in this collection are Catherine Wells' highly accomplished tales of forbidden love, of a woman’s subjection to a dominant and possessive husband and of female despair. These stories illustrate what H.G. Wells called ‘her brooding tenderness’, her ‘sense of invincible fatality’ and her ‘predisposition towards a haunting, dreamland fantasy of fear’.<br/><br/>The Flame Tree Beyond and Within short story collections bring together tales of myth and imagination by modern and contemporary writers, carefully selected by anthologists, and sometimes featuring short stories from a single author. Overall, the series presents a wide range of diverse and inclusive voices with myth, folkloric-inflected short fiction, and an emphasis on the supernatural, science fiction, the mysterious and the speculative. |
| 650 10 - SUBJECT ADDED ENTRY--TOPICAL TERM | |
| Topical term or geographic name entry element | English fiction |
| Topical term or geographic name entry element | Short stories |
| Topical term or geographic name entry element | Science fiction |
| Topical term or geographic name entry element | Mysterious stories |
| Topical term or geographic name entry element | Poems |
| 700 1# - ADDED ENTRY--PERSONAL NAME | |
| Personal name | Godfrey, Emelyne, |
| Titles and other words associated with a name | Dr., |
| Relator term | editor. |
| Personal name | Wells, H.G., |
| Relator term | author. |
| Personal name | Parrinder, Patrick, |
| Relator term | editor. |
| Personal name | Taylor, Catherine, |
| Relator term | editor. |
| Personal name | Broci, |
| Relator term | illustrator. |
| 830 #0 - SERIES ADDED ENTRY--UNIFORM TITLE | |
| Uniform title | Beyond & within |
| 942 ## - ADDED ENTRY ELEMENTS (KOHA) | |
| Source of classification or shelving scheme | Dewey Decimal Classification |
| Koha item type | Book |
No items available.